Musical by Clip II Quiz Stats

 Plays Quiz Updated Oct 13, 2016

Also try: Musical by Clip
Challenge
Share
Tweet
Score 0/48 Timer 13:00
0 Plays Today
Clip Musical % Correct
0:11-0:20Mamma Mia!
93.3%
2:01-2:10Mary Poppins
69.8%
0:31-0:40Joseph and the Amazing Technicolor Dreamcoat
66.3%
0:01-0:10Spamalot
64.8%
6:01-6:10The Rocky Horror Show
62.4%
2:11-2:20Fame
60.6%
1:41-1:50Legally Blonde
54.2%
1:21-1:30Gentlemen Prefer Blondes
46.8%
1:51-2:00The Who's Tommy
44.7%
6:31-6:40The Wiz
44.3%
6:41-6:50Tarzan
43.4%
7:11-7:20Anything Goes
39.6%
0:51-1:00Hello, Dolly!
32.6%
1:11-1:20South Pacific
27.4%
3:31-3:4042nd Street
25.5%
7:51-8:00A Little Night Music
22.6%
5:11-5:20Cinderella
21.9%
5:41-5:50Titanic
20.4%
3:41-3:50[title of show]
19.7%
4:11-4:20The Best Little Whorehouse in Texas
19.4%
4:21-4:30The Last 5 Years
18%
4:01-4:10The Drowsy Chaperone
17.8%
5:01-5:10The Fantasticks
16.8%
3:51-4:00Miss Saigon
16.2%
Clip Musical % Correct
2:31-2:40Pal Joey
15.2%
5:51-6:00The Wild Party
14.5%
3:11-3:20Little Women
14.4%
6:21-6:30Kiss Me, Kate
13.8%
7:01-7:10Damn Yankees
13.3%
4:41-4:50Flower Drum Song
13.3%
1:01-1:10Curtains
12.8%
0:21-0:30Sunday in the Park With George
12.3%
0:41-0:50Side Show
11.9%
2:41-2:50The Full Monty
11.7%
5:21-5:30Frankenstein
11.1%
7:41-7:50Follies
9.8%
2:21-2:30The Scarlet Pimpernel
9.2%
6:51-7:00The Addams Family
9.2%
3:01-3:10Xanadu
8.8%
2:51-3:00Kiss of the Spider Woman
7.9%
5:31-5:40The Light in the Piazza
7%
7:21-7:30Smokey Joe's Cafe
6.2%
1:31-1:40Wonderful Town
4.3%
3:21-3:30The Threepenny Opera
3.7%
4:51-5:00Pacific Overtures
3.7%
6:11-6:20I Love You, You're Perfect, Now Change
3.1%
7:31-7:40Lestat
1.9%
4:31-4:40Vanities
1.5%

You're not logged in!

Compare scores with friends on all Sporcle quizzes.
Join for Free
OR
Log In

You Might Also Like...

Show Comments

Extras

Top Quizzes Today


Score Distribution

Your Account Isn't Verified!

In order to create a playlist on Sporcle, you need to verify the email address you used during registration. Go to your Sporcle Settings to finish the process.

Report this User

Report this user for behavior that violates our Community Guidelines.

Details: